| 000 | 00844nam a2200337Ia 4500 | ||
|---|---|---|---|
| 001 | 8813 | ||
| 005 | 20240113234135.0 | ||
| 007 | ta | ||
| 008 | 090320s1962 g b000 u eng u | ||
| 040 | _aCotton College Asaam | ||
| 041 | _aeng | ||
| 082 |
_a572.954 _bM 261 In |
||
| 100 | _aMadan, T.N. . | ||
| 245 | 0 |
_aIndian Anthropology / _cT.N. Madan and Gopal Sarana. _hTextual Documents |
|
| 250 | _a1st ed. / | ||
| 260 |
_aBombay : _bAsia Publishing House , _c1962. |
||
| 300 |
_ax, 420p. ; _c22cm. |
||
| 504 | _aIndex | ||
| 653 | _aT/G-Anthropology, India | ||
| 653 | _aG-Anthropology | ||
| 653 | _aT/G- Anthropology | ||
| 700 | _aSarana, Gopal . | ||
| 942 |
_2ddc _cBK |
||
| 999 |
_c8800 _d8800 |
||